书目信息 |
| 题名: |
五四运动史
|
|
| 作者: | 周策纵 著 | |
| 分册: | ||
| 出版信息: | 长沙 岳麓书社 1999.08 |
|
| 页数: | 542页 | |
| 开本: | 32开 | |
| 丛书名: | ||
| 单 册: | ||
| 中图分类: | K261.1 | |
| 科图分类: | ||
| 主题词: | 中国--历史 | |
| 电子资源: | ||
| ISBN: | 7-80520-750-X | |
| 000 | 00535nam0 2200193 45 | |
| 001 | 0011160783 | |
| 005 | 20001116075356.6 | |
| 010 | @a7-80520-750-X@d23.00元 | |
| 100 | @a20001116d1999 km y0chiy0120 ea | |
| 101 | 0 | @achi |
| 105 | @a z 000yy | |
| 200 | 1 | @a五四运动史@AWu Si Yun Dong Shi@f(美)周策纵著@F(Mei)Zhou Ce Zong Zhu |
| 210 | @a长沙@c岳麓书社@d1999.08 | |
| 215 | @a542页@d32开 | |
| 606 | 0 | @a中国@x历史 |
| 690 | @aK261.1@v3 | |
| 701 | 0 | @a周策纵@4著 |
| 801 | @aCN@bPftUser@c20001116 | |
| 905 | @b410547-549@dK261.1@eZH960@f3 | |
| 五四运动史/(美)周策纵著.-长沙:岳麓书社,1999.08 |
| 542页;32开 |
| ISBN 7-80520-750-X:23.00元 |
| ● |
| 相关链接 |
|
|
|
正题名:五四运动史
索取号:K261.1/ZH960
 
预约/预借
| 序号 | 登录号 | 条形码 | 馆藏地/架位号 | 状态 | 备注 |
| 1 | 410547 | 204105477 | 社科库309/309社科库 36排1列3层/ [索取号:K261.1/ZH960] | 在馆 | |
| 2 | 410548 | 204105486 | 社科库309/309社科库 36排1列3层/ [索取号:K261.1/ZH960] | 在馆 | |
| 3 | 410549 | 204105495 | 社科库309/309社科库 36排1列3层/ [索取号:K261.1/ZH960] | 在馆 |